Belgijscy piłkarze - nagła śmierć - Statystyki

Ogólne statystyki
  • Ten quiz został rozwiązany 1 035 razy
  • Średni wynik to 11 z 14
Answers on the Grid
Answers color-coded by a green-red scale on the quiz's grid according to % correct below.
Kai Havertz
John Obi Mikel
Hugo Lloris
Gonzalo Higuaín
Kevin De Bruyne
Eden Hazard
Romelu Lukaku
Jean Michaël Seri
Thibaut Courtois
Michael Essien
Dries Mertens
Carlos Bacca
Jan Vertonghen
Axel Tuanzebe
Axel Witsel
Mousa Dembélé
Toby Alderweireld
Samuel Eto’o
Michy Batshuayi
Florent Malouda
Thomas Meunier
Vincent Kompany
Marco Van Ginkel
Didier Drogba
Ashley Cole
Nacer Chadli
Gabriel Jesus
Yannick Carrasco
 
Statystyki odpowiedzi
Odpowiedź % Poprawnych
Kevin De Bruyne
94%
Eden Hazard
93%
Thibaut Courtois
92%
Romelu Lukaku
90%
Jan Vertonghen
83%
Axel Witsel
82%
Vincent Kompany
81%
Dries Mertens
80%
Toby Alderweireld
78%
Yannick Carrasco
74%
Michy Batshuayi
69%
Thomas Meunier
68%
Nacer Chadli
42%
Mousa Dembélé
39%
Nie znaleziono quizów pasujących do podanych kryteriów
Rozkład punktacji
Procent ludzi z każdym wynikiem
Percentyl według liczby udzielonych odpowiedzi
Twoja historia wyników
Nie rozwiązałeś tego quizu